| 000 | 00563nam a2200205 a 4500 | ||
|---|---|---|---|
| 005 | 20240921063849.0 | ||
| 008 | 991125s1973 ag 000 0 spa u | ||
| 035 | _aUPN01000036854 | ||
| 049 | _aCG | ||
| 050 | 4 |
_aN8550 _aN8.48 |
|
| 100 | 1 | _aNuttall, P. | |
| 245 | 1 | 0 |
_aMarcos para cuadros / _cP. Nuttall ; tr. Yolanda K. de Stock. |
| 260 |
_aBuenos Aires : _bKapelusz, _c1973 |
||
| 300 |
_a86 p. : _bil. |
||
| 440 | 0 | _aCómo hacer | |
| 650 | 2 |
_aArtes y oficios _92772 |
|
| 650 | 4 | _aMARCOS PARA CUADROS | |
| 650 | 4 |
_aTrabajos manuales _910048 |
|
| 905 | _aLibro | ||
| 999 |
_c36854 _d36854 |
||